000
00293nam a22001217a 4500
008
260106b |||||||| |||| 00| 0 eng d
020
_a
9787515512761
082
_a
0
_b
0
245
_a
马云的团队经
_c
李强
260
_a
北京
_b
金城出版社
_c
2015
365
_b
gift
942
_2
ddc
_c
BK
999
_c
70043
_d
70033